La participació de Barcelona en el programa home i biosfera /

por Cuervo Argudín, Josep Ignasi

Publicado: Barcelona : Diputació de Barcelona , 1987
Descripción Física: 8 pàgs. ; il. b/n ; 29 cm.
Colección: Arrel : revista editada per la Diputació de Barcelona ; Núm. 19 (desembre, 1987) ; pàgs. 37-44
Otros Autores: Programa MAB 6

MARC

LEADER 00000nab a2200000 a 4500
001 10258
003 Arxiu
005 20260326124740.0
008 160829s9999 xx 000 0 cat d
100 |a Cuervo Argudín, Josep Ignasi  |9 44150 
245 |a La participació de Barcelona en el programa home i biosfera /   |c Josep Ignasi Cuervo Argudín 
260 |a Barcelona :   |b Diputació de Barcelona ;   |c 1987 
300 |a 8 pàgs. ;   |b il. b/n ;   |c 29 cm. 
490 |a Arrel : revista editada per la Diputació de Barcelona ;   |v Núm. 19 (desembre, 1987) ; pàgs. 37-44  |x 0211-562X 
651 0 |a Barcelona (Catalunya : Província)  |x Política ambiental  |9 54004 
700 |a Programa MAB 6  |9 44152 
856 4 |u https://media.diba.cat/diba/fitxers/arxiu/hemeroteca/arrel/10258/bib_10258_1987_n03_a08_baixa.pdf  |y Accés lliure 
901 |a Arxiu 
942 |n 1  |2 udc  |c Articles de revista 
952 |0 0  |1 0  |2 udc  |4 0  |6 REV95  |7 1  |9 51817  |a Arxiu  |b Arxiu  |d 2016-12-01  |o Rev-95  |r 2016-12-01 00:00:00  |w 2016-12-01  |y ARXIU 
999 |c 55663  |d 55663 
900 |a bib_10258_1987_n03_a08_baixa.pdf